Boundaries of religion : (Record no. 78315)
[ view plain ]
| 000 -LEADER | |
|---|---|
| fixed length control field | 00870nam a22002537a 4500 |
| 005 - DATE AND TIME OF LATEST TRANSACTION | |
| control field | 20130923125212.0 |
| 010 ## - LCCN (DPL NO) | |
| LC control number | ENG-108217 |
| 020 ## - INTERNATIONAL STANDARD BOOK NUMBER | |
| Terms of availability | 850.00 |
| International Standard Book Number | 9780198090403 |
| 020 ## - INTERNATIONAL STANDARD BOOK NUMBER | |
| Terms of availability | 850.00 |
| International Standard Book Number | 0198090404 |
| 035 ## - SYSTEM CONTROL NUMBER | |
| System control number | EN-91750 |
| 037 ## - SOURCE OF ACQUISITION | |
| Source of stock number/acquisition | DBAD/PUB |
| 082 ## - DEWEY DECIMAL CLASSIFICATION NUMBER | |
| Classification number | 306.63 |
| 100 ## - MAIN ENTRY--PERSONAL NAME | |
| Personal name | Robinson, Rowena |
| Dates associated with a name | 1967- |
| 245 ## - TITLE STATEMENT | |
| Title | Boundaries of religion : |
| Statement of responsibility, etc | by Rowena Robinson |
| Remainder of title | essays on Christianity, ethnic conflict, and violence / |
| 260 ## - PUBLICATION, DISTRIBUTION, ETC. (IMPRINT) | |
| Place of publication, distribution, etc | New Delhi |
| Name of publisher, distributor, etc | Oxford University Press |
| Date of publication, distribution, etc | 2013 |
| 270 ## - ADDRESS | |
| Address | YMCA Library Building, 1 Jai Singh Road, |
| City | New Delhi |
| Postal code | 110001 |
| 300 ## - PHYSICAL DESCRIPTION | |
| Extent | xx,299p. |
| Dimensions | 22cm(Hb) |
| 500 ## - GENERAL NOTE | |
| General note | Includes index |
| 650 ## - SUBJECT ADDED ENTRY--TOPICAL TERM | |
| Topical term or geographic name as entry element | Christian sociology |
| Geographic subdivision | India. |
| 650 ## - SUBJECT ADDED ENTRY--TOPICAL TERM | |
| Topical term or geographic name as entry element | Ethnic conflict |
| General subdivision | Religious aspects. |
| 650 ## - SUBJECT ADDED ENTRY--TOPICAL TERM | |
| Topical term or geographic name as entry element | Ethnic conflict |
| Geographic subdivision | India. |
| 650 ## - SUBJECT ADDED ENTRY--TOPICAL TERM | |
| Topical term or geographic name as entry element | Christians |
| Geographic subdivision | India |
| General subdivision | Social conditions. |
| 942 ## - ADDED ENTRY ELEMENTS (KOHA) | |
| Source of classification or shelving scheme | Dewey Decimal Classification |
| Item type | English Books |
| Call number suffix | ROB |
| Classification part | 306.63 |
| Withdrawn status | Lost status | Not for loan | Collection code | Home library | Current library | Date acquired | Source of acquisition | Cost, normal purchase price | Full call number | Barcode | Copy number | Cost, replacement price | Koha item type |
|---|---|---|---|---|---|---|---|---|---|---|---|---|---|
| Not For Loan | Non-fiction | D.B.Act.Division | D.B.Act.Division | 02/08/2013 | DBAD/PUB | 850.00 | 306.63 ROB | EN-91750 | 1 | 850.00 | English Books |
